| 000 | 01632cam a22003494a 4500 | ||
|---|---|---|---|
| 001 | 14171174 | ||
| 003 | OSt | ||
| 005 | 20160223084542.0 | ||
| 008 | 051117s2006 miu b 000 0 eng | ||
| 010 | _a 2005033761 | ||
| 020 | _a0802829945 | ||
| 020 | _a9780802829948 | ||
| 040 |
_aDLC _cDLC _dDLC |
||
| 042 | _apcc | ||
| 050 | 0 | 0 |
_aBT 21.3 _b.C36 2006 |
| 100 | 1 | _aCandler, Peter M. | |
| 245 | 1 | 0 |
_aTheology, rhetoric, manuduction, or reading scripture together on the path to God / _cPeter M. Candler, Jr. |
| 260 |
_aGrand Rapids, Mich. : _bWilliam B. Eerdmans Pub. Co., _c2006. |
||
| 300 |
_a190 pages ; _c24 cm. |
||
| 500 | _aIncludes bibliographical references and index. | ||
| 505 | 0 | _aIntroduction -- Grammars of participation and representation -- Itineraries or theology as manuduction -- Augustine and borrowed speech -- Memory and the glossa ordinaria : liturgy and interpretation -- The manuduction of desire : will and the structure of the summa theologiae -- Reading as manuductio as traditio as reditus -- Liturgically trained memory -- Conclusion. | |
| 610 | 2 | 0 |
_aCatholic Church _xDoctrines _xHistory. |
| 630 | 0 | 0 |
_aBible _xReading. |
| 650 | 0 |
_aTheology, Doctrinal _xHistory. |
|
| 650 | 0 |
_aGod (Christianity) _xKnowableness _xHistory of doctrines. |
|
| 650 | 0 |
_aChristian life _xCatholic authors. |
|
| 856 | 4 | 1 |
_3Table of contents only _uhttp://www.loc.gov/catdir/toc/ecip064/2005033761.html |
| 906 |
_a7 _bcbc _corignew _d1 _eecip _f20 _gy-gencatlg |
||
| 942 |
_2lcc _cBK _kFOR |
||
| 999 |
_c17064 _d17064 |
||